00890nam a2200241Ia 4500001000600000003000900006008004100015040001300056040001300069041001300082100002600095100002900121245004700150245005300197250001100250260001400261260001000275260004900285300005900334500018800393650003600581650003100617D4026IT-RoPAU130308s9999 xx 000 0 und d aIT-RoPAU cIT-RoPAU aSPAGNOLO aGaritaonandia Carmelo gCodice Aut. SPICS: 32274 aDespertar de un nuevo medio (El): la radio bHistoria de los medios de comunicacion En Espana a1a ed. aBARCELONA bAriel c1989 [1° Ed.:1989 - Ed.Ling.Originale:1989] a"11 p. (prefazione: no ; testo: 11 [pagine: 130-140])" aRisveglio di un Nuovo Mezzo: la Radio. Trasmissioni Regolari della Radio. regolamentazione e Primi Gruppi. Radio Come Strumento di Massa. Radio e Repubblica. Radio Arma di Propaganda. aSTORIA NAZIONALE DEI MASS MEDIA eCodice materia Spics: 6109